000 01313nab a22002537a 4500
999 _c5493
_d5493
003 OSt
005 20251209120624.0
008 190502c xxu||||| |||| 00| 0 spa d
040 _cPJ
100 _96439
_aCarús, Juan
245 1 3 _aEl concurso entre el grooming y la producción de pornografía infantil /
_cJuan Carús.
260 _aCiudad Autónoma de Buenos Aires :
_bThomson Reuters La Ley,
_c2025.
300 _ap. 31-43
500 _aCita Online: AR/DOC/1124/2025.
505 _aSumario: I. El fallo.— II. El tipo penal de grooming y su estructura (art. 131, Cód. Penal).— III. Aclaración inicial.— IV. Relación concursal entre el grooming y la pornografía infantil.— V. Conclusión.
505 _tFallo comentado: TS Córdoba, sala penal ~ 19/04/2018 ~ D., M. J. p.s.a producción, publicación o distribución de imágenes pornográficas de menores de 18 años, etc. s/ recurso de casación.
505 _t¿Te interesa el texto completo? Solicitalo al correo: koha@justierradelfuego.gov.ar
650 0 _9343
_aDERECHO PENAL
650 0 _94857
_aGROOMING
650 0 _93136
_aDELITOS
650 0 _94046
_aPORNOGRAFÍA INFANTIL
773 0 _02729
_93180
_dBuenos Aires : LexisNexis, 2006-
_tRevista de derecho penal y procesal penal. Nº 7 - Julio 2025
_z9875920622
942 _2udc
_cANA